Score 0/22 Timer 05:00
0 Plays Today
Hint Character % Correct
The narrator, a typical kidBig Pete Wrigley
100%
The rebel, an atypical kidLittle Pete Wrigley
100%
An insane superheroArtie the Strongest Man in the World
94.4%
A well-meaning fatherDon 'Dad' Wrigley
85.2%
A mother who had an accidentJoyce 'Mom' Wrigley
85.2%
#1's girl friend, but not girlfriendEllen Hickle
85.2%
#2's tattooPetunia
81.5%
The result of said accidentMom's Plate
79.6%
The new girl in townNona F. Mecklenberg
75.9%
A bully with a gland problemPit Stain
70.4%
An unhinged bus driverStu Benedict
66.7%
Hint Character % Correct
The mysterious ice cream manMr. Tastee
64.8%
A high school villain who's been held back a few times'Endless Mike' Hellstrom
59.3%
A high school nerdTeddy Foresman
51.9%
'The Main Brain' to himself, 'The Pain' to othersWayne Pardue
44.4%
A high school jokesterBill Korn
44.4%
#6's fatherPhil Hickle
44.4%
A passionate math teacherMiss Fingerwood
44.4%
An always prepared Kreb ScoutMonica Perling
40.7%
#8's popJames Mecklenberg
40.7%
#2's school principalKent Schwinger
24.1%
A friend of #2Clem Linnell
22.2%
Come Together.
Have Fun.
All Virtual.
We all need to come together. Play Sporcle's virtual live trivia to have fun, connect with people, and get your trivia on. Join a live hosted trivia game for your favorite pub trivia experience done virtually. If a virtual private party is more your thing, go here for details.

You're not logged in!

Compare scores with friends on all Sporcle quizzes.
OR
Log In

Sporcle TV

Today on Sporcle TV


Watch our educational content, quiz creation guides, and fun videos on Sporcle TV.

Show Comments

Extras

Top Quizzes Today


Score Distribution

Paid Content

Your Account Isn't Verified!

In order to create a playlist on Sporcle, you need to verify the email address you used during registration. Go to your Sporcle Settings to finish the process.

Report this User

Report this user for behavior that violates our Community Guidelines.

Details: